| 000 | 00484nam a2200181Ia 4500 | ||
|---|---|---|---|
| 005 | 20260429112037.0 | ||
| 008 | 260429s9999||||xx |||||||||||||| ||und|| | ||
| 020 | _a9781804893760 | ||
| 041 | _aEnglish | ||
| 082 |
_a660.6 _bWRE |
||
| 100 | _aWren, Vesper | ||
| 245 | 0 |
_aNano biotechnology / _cVesper Wren |
|
| 260 |
_aUnited Kingdom : _bBrilliant Publication Ltd. , _c2025. |
||
| 300 | _ax, 288 p.; hb | ||
| 650 | _a Biotechnology | ||
| 650 | _aNanobiotechnology | ||
| 942 | _cTB | ||
| 999 |
_c52053 _d52053 |
||